01522nam a2200301Ia 4500001001200000003000800012006001900020007001500039008004100054020003200095020001800127020003500145040002100180035002100201050002500222245035900247260005600606300002200662504004100684533015200725650002700877650004500904655002900949700002600978710007301004710001701077856012601094ebr10355554CaPaEBRm u cr cn|||||||||091202s2009 dcua sb 000 0 eng d z0309143721 (electronic bk.) z9780309143714 z9780309143721 (electronic bk.) aCaPaEBRcCaPaEBR a(OCoLC)64990151114aRA408.5b.I47 2009eb00aImproving the measurement of late-life disability in population surveysh[electronic resource] :bbeyond ADLs and IADLs : summary of a workshop /cGooloo S. Wunderlich, rapporteur ; Committee on National Statistics ; Committee on Population ; Division of Behavioral and Social Sciences and Education ; National Research Council of the National Academies. aWashington, D.C. :bNational Academy Press,cc2009. ax, 165 p. :bill. aIncludes bibliographical references. aElectronic reproduction.bPalo Alto, Calif. :cebrary,d2010.nAvailable via World Wide Web.nAccess may be limited to ebrary affiliated libraries. 0aDisability evaluation. 0aHealth surveysxMethodologyxEvaluation. 7aElectronic books.2local1 aWunderlich, Gooloo S.2 aNational Research Council (U.S.).bCommittee on National Statistics.2 aebrary, Inc.40uhttp://site.ebrary.com/lib/rucke/Doc?id=10355554zAn electronic book accessible through the World Wide Web; click to view